[Event "59. BEM 2005"]
[Site "Dortmund"]
[Date "2005.03.01"]
[Round "2"]
[White "Werner, Patrick"]
[Black "Kolodziej, Dennis"]
[Result "0-1"]
[WhiteElo "1425"]
[BlackElo "1644"]
[PlyCount "54"]
[EventDate "2005.??.??"]
[Source "SG Dortmund"]
[SourceDate "2004.12.16"]

1. e4 c5 2. d4 cxd4 3. c3 dxc3 4. Nxc3 Nc6 5. Nf3 g6 6. Bc4 Bg7 7. O-O d6 8.
Qe2 Nf6 9. h3 O-O 10. Rd1 Qa5 11. Bd2 Qh5 12. Bf4 Nd7 13. Nd5 Nde5 14. Bxe5
Nxe5 15. Nxe5 Qxe5 16. f4 Qxb2 17. Nxe7+ Kh8 18. Qxb2 Bxb2 19. Rab1 Ba3 20. Nd5
b6 21. Nc7 Rb8 22. Nb5 Bc5+ 23. Kh2 Be6 24. Nxd6 Bxd6 25. Bxe6 Bxf4+ 26. g3
fxe6 27. gxf4 Rxf4 0-1

[Event "59. BEM 2005"]
[Site "Dortmund"]
[Date "2005.03.01"]
[Round "2"]
[White "Flierdl, Lothar"]
[Black "Mueller, Siegfried"]
[Result "1-0"]
[WhiteElo "1634"]
[BlackElo "1434"]
[PlyCount "99"]
[EventDate "2005.??.??"]
[Source "SG Dortmund"]
[SourceDate "2004.12.16"]

1. d4 Nf6 2. c4 g6 3. Nc3 Bg7 4. Nf3 d6 5. e3 O-O 6. Bd3 c5 7. O-O Na6 8. a3
Nc7 9. h3 a6 10. a4 Rb8 11. Qe2 cxd4 12. exd4 Bd7 13. Re1 Re8 14. a5 e6 15. Bg5
d5 16. c5 Bc6 17. Qe3 Qc8 18. Ne5 Bb5 19. Qf4 Qd8 20. Qh4 Bxd3 21. Nxd3 Rf8 22.
Re3 Nce8 23. Ne5 Qc8 24. g4 Nd7 25. Be7 Bf6 26. Bxf6 Ndxf6 27. Rf3 Nd7 28. Nd3
Ng7 29. Re1 Qd8 30. Qg3 Rc8 31. b4 Qc7 32. Qg2 Nb8 33. h4 Nc6 34. Ne2 Ne7 35.
h5 Qc6 36. Nc3 Qc7 37. h6 Ne8 38. Qh3 Nc6 39. Ne2 Qe7 40. Re3 Nc7 41. Qg3 Nb5
42. Qf4 g5 43. Qg3 Ncxd4 44. Nxd4 Nxd4 45. Qe5 f6 46. Qxd4 e5 47. Qxd5+ Rf7 48.
Rf3 Rd8 49. Qc4 Rd4 50. Qxd4 1-0

[Event "59. BEM 2005"]
[Site "Dortmund"]
[Date "2005.03.01"]
[Round "2"]
[White "Baier, Jörg"]
[Black "Noori, Mir Ahmad"]
[Result "0-1"]
[WhiteElo "1401"]
[BlackElo "1627"]
[PlyCount "72"]
[EventDate "2005.??.??"]
[Source "SG Dortmund"]
[SourceDate "2004.12.16"]

1. e4 e6 2. d3 d6 3. g3 g6 4. Bg2 Bg7 5. Nf3 h6 6. O-O Ne7 7. Re1 O-O 8. Nbd2
Nbc6 9. c3 e5 10. Nf1 Rb8 11. h4 Bg4 12. N1h2 Qd7 13. Nxg4 Qxg4 14. Kh2 Qd7 15.
Bh3 Qd8 16. Be3 b6 17. Qd2 Kh7 18. g4 Ng8 19. Rg1 Nce7 20. g5 h5 21. Ne1 d5 22.
f3 c5 23. d4 dxe4 24. dxe5 Bxe5+ 25. f4 Qxd2+ 26. Bxd2 Rbd8 27. fxe5 Rxd2+ 28.
Rg2 Rfd8 29. Rb1 Nf5 30. Bxf5 gxf5 31. Kg1 Ne7 32. Kf1 Ng6 33. Rxd2 Rxd2 34.
Ng2 Nxe5 35. Nf4 Rh2 36. Nxh5 Rh1+ 0-1

[Event "59. BEM 2005"]
[Site "Dortmund"]
[Date "2005.03.01"]
[Round "2"]
[White "Orlowski, Wilfried"]
[Black "Schrimpl, Michael"]
[Result "1-0"]
[WhiteElo "1611"]
[BlackElo "1414"]
[PlyCount "97"]
[EventDate "2005.??.??"]
[Source "SG Dortmund"]
[SourceDate "2004.12.16"]

1. c4 Nf6 2. Nc3 e5 3. d3 Bb4 4. Bd2 b6 5. e4 Nc6 6. Be2 Nd4 7. a3 Be7 8. b4 c5
9. Rb1 O-O 10. Nf3 Nxe2 11. Qxe2 cxb4 12. axb4 d6 13. h3 Ne8 14. Nd5 f5 15.
Nxe7+ Qxe7 16. O-O f4 17. Bc3 Rf6 18. d4 Rh6 19. dxe5 dxe5 20. Bxe5 Qf7 21. Ng5
Qf8 22. Qf3 Rg6 23. Qxf4 Nf6 24. g4 h5 25. f3 a5 26. Bd6 Qe8 27. e5 Nh7 28. Qe4
Ra7 29. Qd5+ Be6 30. Nxe6 Qxe6 31. bxa5 Qxd5 32. cxd5 Rxa5 33. Rfd1 hxg4 34.
hxg4 Ra2 35. Rxb6 Ng5 36. Rd3 Nh3+ 37. Kf1 Rh6 38. Bc5 Nf4 39. Rxh6 Nxd3 40.
Rc6 Nxe5 41. Rc8+ Kf7 42. Rf8+ Kg6 43. d6 Nd7 44. Rc8 Kf6 45. Bd4+ Kf7 46. Rc7
Ke6 47. Bxg7 Kxd6 48. Rc1 Nc5 49. Bf8+ 1-0

[Event "59. BEM 2005"]
[Site "Dortmund"]
[Date "2005.03.01"]
[Round "2"]
[White "Gegner, Michael"]
[Black "Rzoczek, Christoph"]
[Result "1/2-1/2"]
[WhiteElo "1397"]
[BlackElo "1607"]
[PlyCount "80"]
[EventDate "2005.??.??"]
[Source "SG Dortmund"]
[SourceDate "2004.12.16"]

1. d4 d5 2. e4 dxe4 3. Nc3 Nf6 4. f3 exf3 5. Nxf3 Bg4 6. h3 Bh5 7. g4 Bg6 8.
Ne5 Nbd7 9. Nxg6 hxg6 10. Bf4 a6 11. Bg2 Rb8 12. Qd3 e6 13. Qg3 Bd6 14. Bxd6
cxd6 15. Qxd6 Qb6 16. Qxb6 Nxb6 17. O-O-O O-O 18. Rhe1 Rfd8 19. Ne4 Nxe4 20.
Bxe4 Nd5 21. Bxd5 Rxd5 22. c3 b5 23. Kc2 Rb6 24. Re3 f5 25. Rde1 Kf7 26. Kd3
Kf6 27. g5+ Kxg5 28. Rxe6 Rdd6 29. Re7 Kf6 30. R7e3 a5 31. a3 b4 32. axb4 axb4
33. c4 Rb8 34. d5 Rbd8 35. Re6+ Kf7 36. R1e5 R8d7 37. b3 Rd8 38. Re7+ Kf8 39.
R7e6 Kf7 40. Re7+ Kf8 1/2-1/2

[Event "59. BEM 2005"]
[Site "Dortmund"]
[Date "2005.03.01"]
[Round "2"]
[White "Hansen, Jochen"]
[Black "Raszelenberg, Patrick"]
[Result "0-1"]
[WhiteElo "1374"]
[BlackElo "1585"]
[PlyCount "72"]
[EventDate "2005.??.??"]
[Source "SG Dortmund"]
[SourceDate "2004.12.16"]

1. e4 d6 2. Nf3 Nf6 3. Nc3 g6 4. d4 Bg7 5. Be3 O-O 6. h3 c6 7. Bc4 b5 8. Bb3 b4
9. e5 bxc3 10. exf6 Bxf6 11. bxc3 Ba6 12. Qd2 c5 13. Rd1 c4 14. Ba4 Qa5 15. h4
Qxa4 16. h5 Nd7 17. Ng5 Qa5 18. hxg6 Bxg5 19. gxh7+ Kh8 20. Bxg5 f6 21. Bh6 Rf7
22. Qe3 Qf5 23. Qg3 Bb7 24. d5 Ne5 25. Kd2 Ng4 26. Kc1 Nxh6 27. Rxh6 Qg5+ 28.
Qxg5 fxg5 29. Rdh1 Bxd5 30. R6h5 Rg7 31. R1h2 Rf8 32. g3 Bf3 33. Rh6 Rf6 34.
Rxf6 exf6 35. Kd2 Rxh7 36. Rxh7+ Kxh7 0-1

[Event "59. BEM 2005"]
[Site "Dortmund"]
[Date "2005.03.01"]
[Round "2"]
[White "Baumann, Ralf-Rüdiger"]
[Black "Koch, Roland"]
[Result "1-0"]
[WhiteElo "1583"]
[BlackElo "1399"]
[PlyCount "77"]
[EventDate "2005.??.??"]
[Source "SG Dortmund"]
[SourceDate "2004.12.16"]

1. d4 d6 2. Nf3 g6 3. Bf4 Bg7 4. e3 Bg4 5. Nbd2 Nf6 6. h3 Bf5 7. Be2 O-O 8. Bh2
a6 9. a4 Nc6 10. c3 Ne4 11. Nxe4 Bxe4 12. O-O f6 13. Nd2 Bf5 14. e4 Bd7 15. Bd3
e5 16. Nf3 Qc8 17. Qc2 exd4 18. cxd4 f5 19. e5 dxe5 20. dxe5 Kh8 21. Rfe1 Nd8
22. Bc4 h6 23. Rac1 b6 24. Qb3 Be6 25. Bxe6 Nxe6 26. Rc6 Nc5 27. Qe3 g5 28. e6
f4 29. Qe2 Qb7 30. Ne5 Kh7 31. Qc2+ Kg8 32. e7 Rfe8 33. Qc4+ Kh8 34. Nf7+ Kh7
35. Qc2+ Kg8 36. Nxh6+ Kh8 37. Nf7+ Kg8 38. Nxg5 Qxc6 39. Qh7# 1-0

[Event "59. BEM 2005"]
[Site "Dortmund"]
[Date "2005.03.01"]
[Round "2"]
[White "Pachura, Karl-Heinz"]
[Black "Dieckmann, Rudolf"]
[Result "1-0"]
[WhiteElo "1274"]
[BlackElo "1573"]
[PlyCount "77"]
[EventDate "2005.??.??"]
[Source "SG Dortmund"]
[SourceDate "2004.12.16"]

1. e4 c5 2. b3 Nc6 3. Nf3 e5 4. Nc3 Nf6 5. a3 a6 6. d3 h6 7. Bb2 d6 8. Be2 Be6
9. O-O Qd7 10. Re1 b5 11. Bf1 Nd4 12. h3 g5 13. Nxd4 cxd4 14. Ne2 g4 15. h4 Be7
16. g3 Nh5 17. c4 Rb8 18. Qc2 Rc8 19. Bc1 f5 20. exf5 Bxf5 21. Bg2 Nf6 22. Bd2
d5 23. Bb4 dxc4 24. bxc4 bxc4 25. Nc1 Bxb4 26. axb4 cxd3 27. Rxe5+ Kf7 28. Qd2
Rc2 29. Qd1 d2 30. Nb3 Rb8 31. Nxd2 Rxb4 32. Qe2 Kg6 33. Qe1 Rbb2 34. Ne4 Re2
35. h5+ Nxh5 36. Rxa6+ Kg7 37. Qc1 Bg6 38. Ree6 Nf6 39. Rxf6 {ZUe} 1-0

[Event "59. BEM 2005"]
[Site "Dortmund"]
[Date "2005.03.01"]
[Round "2"]
[White "Völler, Lothar"]
[Black "Krüger, Inge"]
[Result "1/2-1/2"]
[WhiteElo "1565"]
[BlackElo "1307"]
[PlyCount "71"]
[EventDate "2005.??.??"]
[Source "SG Dortmund"]
[SourceDate "2004.12.16"]

1. e4 e6 2. d4 d5 3. e5 c5 4. Nf3 cxd4 5. Nxd4 Ne7 6. Bd3 Nec6 7. Nf3 Be7 8.
O-O O-O 9. a3 h6 10. b4 a6 11. Nbd2 b5 12. Nb3 Nd7 13. Nbd4 Ncxe5 14. Be3 Nxd3
15. cxd3 Nf6 16. Rc1 Bb7 17. Nb3 Rc8 18. Nc5 Bxc5 19. Bxc5 Re8 20. Ne5 d4 21.
f4 Qd5 22. Qe2 Rc7 23. Qf2 Rec8 24. h3 Qb3 25. Ra1 Qd5 26. Kh2 Nd7 27. Nxd7
Rxd7 28. Rfe1 Qf5 29. Qg3 f6 30. Ra2 Re8 31. Rae2 Rd5 32. Ra2 Bc6 33. Rc2 e5
34. fxe5 fxe5 35. Rf2 Qd7 36. Ref1 1/2-1/2

[Event "59. BEM 2005"]
[Site "Dortmund"]
[Date "2005.03.01"]
[Round "2"]
[White "Werninghaus, Klaus-Peter"]
[Black "Kuckelke, Jürgen"]
[Result "1/2-1/2"]
[WhiteElo "1533"]
[BlackElo "1263"]
[PlyCount "37"]
[EventDate "2005.??.??"]
[Source "SG Dortmund"]
[SourceDate "2004.12.16"]

1. c4 c5 2. Nc3 Nf6 3. Nf3 Nc6 4. g3 g6 5. Bg2 Bg7 6. O-O O-O 7. d4 cxd4 8.
Nxd4 Ng4 9. e3 Nge5 10. Nxc6 dxc6 11. c5 Bg4 12. f3 Qxd1 13. Nxd1 Be6 14. Bd2
Nd3 15. Bc3 Nxc5 16. Bxg7 Kxg7 17. Nf2 Rfd8 18. b3 Rd6 19. Rfd1 1/2-1/2

[Event "59. BEM 2005"]
[Site "Dortmund"]
[Date "2005.03.01"]
[Round "2"]
[White "Schoppe, Hans-Werner"]
[Black "Merle, Peter"]
[Result "1-0"]
[WhiteElo "1201"]
[BlackElo "1486"]
[PlyCount "113"]
[EventDate "2005.??.??"]
[Source "SG Dortmund"]
[SourceDate "2004.12.16"]

1. d4 d5 2. Bf4 Nc6 3. e3 Nf6 4. Nf3 e6 5. Be2 Be7 6. O-O O-O 7. a3 Bd7 8. Nbd2
a6 9. c4 Rc8 10. b4 dxc4 11. Nxc4 Nd5 12. Bg3 Nc3 13. Qc2 Nxe2+ 14. Qxe2 b5 15.
Nce5 Nxe5 16. Nxe5 Bf6 17. Nd3 Bc6 18. Nc5 Bd5 19. Rfc1 Bc4 20. Qe1 Ra8 21. Nb7
Qd5 22. Na5 c6 23. Qc3 Rfc8 24. Nxc4 bxc4 25. Qxc4 Qxc4 26. Rxc4 a5 27. Bd6
axb4 28. Bxb4 e5 29. Rac1 exd4 30. exd4 Rd8 31. Bc5 Rd7 32. Kf1 g6 33. Rd1 Kg7
34. Rd3 h5 35. a4 Ra6 36. Ra3 Rb7 37. Bb4 g5 38. g3 Kg6 39. h3 Kf5 40. f3 Ke6
41. Ke2 Kd5 42. Kd3 Rxb4 43. Rxb4 Be7 44. Rbb3 Bxa3 45. Rxa3 f5 46. a5 g4 47.
fxg4 fxg4 48. hxg4 hxg4 49. Ra4 Ra8 50. a6 c5 51. Ra5 Kd6 52. dxc5+ Kd5 53. Kc3
Kc6 54. Kc4 Ra7 55. Kd4 Kc7 56. Ke5 Kc6 57. Kf4 1-0

[Event "59. BEM 2005"]
[Site "Dortmund"]
[Date "2005.03.01"]
[Round "2"]
[White "Martini, Heiko"]
[Black "Hast, Stefan"]
[Result "1-0"]
[WhiteElo "1481"]
[BlackElo "1131"]
[PlyCount "23"]
[EventDate "2005.??.??"]
[Source "SG Dortmund"]
[SourceDate "2004.12.16"]

1. d4 Nf6 2. Nf3 d5 3. c4 c6 4. Nc3 Bf5 5. Bg5 Nbd7 6. cxd5 cxd5 7. Qa4 e6 8.
Ne5 Be7 9. e3 O-O 10. Bxf6 Nb6 11. Bxe7 Qxe7 12. Qb3 1-0

[Event "59. BEM 2005"]
[Site "Dortmund"]
[Date "2005.03.03"]
[Round "3"]
[White "Hein, Erwin"]
[Black "Henrichs, Thomas"]
[Result "1/2-1/2"]
[WhiteElo "1966"]
[BlackElo "2394"]
[PlyCount "100"]
[EventDate "2005.??.??"]
[Source "SG Dortmund"]
[SourceDate "2004.12.16"]

1. d4 Nf6 2. c4 e6 3. Nf3 c5 4. d5 exd5 5. cxd5 d6 6. Nc3 g6 7. e4 a6 8. a4 Bg4
9. Be2 Bxf3 10. Bxf3 Bg7 11. O-O O-O 12. Bf4 Qe7 13. Qc2 Nbd7 14. Rad1 h5 15.
Rfe1 Nh7 16. Bc1 Rab8 17. Be2 Bd4 18. Bf1 Qf6 19. Be3 Be5 20. Qd2 g5 21. Be2
Kh8 22. Bc4 Rg8 23. Rf1 Bf4 24. g3 b5 25. axb5 Ne5 26. Qe2 Nxc4 27. Qxc4 axb5
28. Nxb5 Be5 29. b3 h4 30. Na7 Qf3 31. Rfe1 Nf6 32. Nc6 hxg3 33. fxg3 Ng4 34.
Qf1 Qxf1+ 35. Kxf1 Rxb3 36. Bg1 Ra8 37. Re2 Bf6 38. Kg2 Ne5 39. Nxe5 Bxe5 40.
Be3 g4 41. Bf4 f6 42. Rf1 Rab8 43. Bxe5 fxe5 44. Rf6 Rb2 45. Kf2 R8b6 46. Rxb2
Rxb2+ 47. Ke3 Rb6 48. Kd3 Kg7 49. Re6 Kf7 50. Kc3 Kg7 1/2-1/2

[Event "59. BEM 2005"]
[Site "Dortmund"]
[Date "2005.03.03"]
[Round "3"]
[White "Ziperstein, Jakob"]
[Black "Kartsev, Soel"]
[Result "0-1"]
[WhiteElo "1902"]
[BlackElo "2158"]
[PlyCount "72"]
[EventDate "2005.??.??"]
[Source "SG Dortmund"]
[SourceDate "2004.12.16"]

1. e4 c5 2. Nf3 d6 3. Nc3 Nf6 4. d4 cxd4 5. Qxd4 Nc6 6. Bb5 Bd7 7. Qd3 a6 8.
Ba4 g6 9. Bb3 Bg7 10. O-O O-O 11. Bf4 Na5 12. Rad1 Nxb3 13. axb3 Rc8 14. Rfe1
b5 15. e5 dxe5 16. Nxe5 Bf5 17. Qe2 Qb6 18. Nf3 b4 19. Na4 Qb5 20. c4 bxc3 21.
Qxb5 axb5 22. Nxc3 b4 23. Na4 Bc2 24. Rd4 Nh5 25. Rxb4 Nxf4 26. Rxf4 e5 27.
Nxe5 Rfe8 28. Nf3 Rxe1+ 29. Nxe1 Bxb3 30. f3 Bh6 31. Re4 f5 32. Nb6 Rc6 33.
Re8+ Kf7 34. Rh8 Be3+ 35. Kf1 Bxb6 36. Ke2 Ke6 0-1

[Event "59. BEM 2005"]
[Site "Dortmund"]
[Date "2005.03.03"]
[Round "3"]
[White "Büchle, Manfred"]
[Black "Gorval, Evgueni"]
[Result "0-1"]
[WhiteElo "1874"]
[BlackElo "2121"]
[PlyCount "64"]
[EventDate "2005.??.??"]
[Source "SG Dortmund"]
[SourceDate "2004.12.16"]

1. e4 e6 2. d4 d5 3. exd5 exd5 4. Bd3 Nc6 5. c3 Bd6 6. Nf3 Bg4 7. Be3 Qd7 8. h3
Bh5 9. Qb3 Bxf3 10. gxf3 Nge7 11. Nd2 O-O-O 12. O-O-O Na5 13. Qc2 f5 14. Bg5
Rdf8 15. Bxe7 Bxe7 16. h4 Bd6 17. Rde1 Bf4 18. Kb1 g6 19. h5 Re8 20. b4 Nc6 21.
Nb3 Qd6 22. Nc5 b6 23. Ba6+ Kb8 24. hxg6 Rxe1+ 25. Rxe1 Nxb4 26. g7 Rd8 27.
cxb4 bxc5 28. Qxf5 cxd4 29. Re2 Qxa6 30. Qf8 Qd6 31. Re8 Qg6+ 32. Re4 Bg5 0-1

[Event "59. BEM 2005"]
[Site "Dortmund"]
[Date "2005.03.03"]
[Round "3"]
[White "Goldschmidt, Christian"]
[Black "Kalikhman, Grigorij"]
[Result "1/2-1/2"]
[WhiteElo "2070"]
[BlackElo "2017"]
[PlyCount "115"]
[EventDate "2005.??.??"]
[Source "SG Dortmund"]
[SourceDate "2004.12.16"]

1. e4 e6 2. d3 d5 3. Nd2 c5 4. Ngf3 Nf6 5. g3 Nc6 6. Bg2 Qc7 7. O-O Be7 8. Re1
b6 9. Qe2 Bb7 10. e5 Nd7 11. h4 h6 12. h5 O-O-O 13. a3 Rdg8 14. c4 g6 15. hxg6
Rxg6 16. cxd5 exd5 17. d4 h5 18. Nf1 Nd8 19. Ne3 Nf8 20. Nf5 Nfe6 21. Be3 c4
22. Nxe7+ Qxe7 23. Nh4 Rgg8 24. Nf5 Qd7 25. Qd2 Kb8 26. Qb4 h4 27. Nxh4 Nc6 28.
Qd6+ Qxd6 29. exd6 Ncxd4 30. Bxd4 Nxd4 31. Re7 Bc6 32. Rxf7 Rh5 33. Re1 Rd8 34.
Ree7 a5 35. Ng6 Nf5 36. Re5 Nxd6 37. Rxh5 Nxf7 38. Ne7 Bb7 39. Bxd5 Bxd5 40.
Rxd5 Rxd5 41. Nxd5 Kb7 42. Ne3 b5 43. f4 Kc6 44. Kf2 Kc5 45. Ke2 Kd4 46. Nf5+
Ke4 47. Ne7 b4 48. a4 c3 49. bxc3 bxc3 50. Nc6 Nd6 51. Nxa5 Nf5 52. Nb3 Nxg3+
53. Kd1 Kd3 54. Nc1+ Kc4 55. Kc2 Nf5 56. Na2 Nd4+ 57. Kc1 Ne2+ 58. Kc2 1/2-1/2

[Event "59. BEM 2005"]
[Site "Dortmund"]
[Date "2005.03.03"]
[Round "3"]
[White "Sonntag, Joachim"]
[Black "Schiefelbusch, Dirk"]
[Result "0-1"]
[WhiteElo "1757"]
[BlackElo "2061"]
[PlyCount "104"]
[EventDate "2005.??.??"]
[Source "SG Dortmund"]
[SourceDate "2004.12.16"]

1. e4 c6 2. d4 d5 3. Nc3 dxe4 4. Nxe4 Bf5 5. Nc3 Nf6 6. Nf3 e6 7. Bd3 Bxd3 8.
Qxd3 Be7 9. O-O O-O 10. Re1 Nbd7 11. Bf4 Qb6 12. a3 a5 13. Na4 Qa7 14. c4 Rfe8
15. Rad1 Rad8 16. Bc7 Rc8 17. Bf4 Red8 18. Qe2 Bf8 19. Ne5 Nxe5 20. dxe5 Ne8
21. Be3 c5 22. Bg5 Rd4 23. Nc3 Nc7 24. Be3 Rdd8 25. Ne4 Qb6 26. Rd2 Na6 27.
Red1 Qc7 28. Nd6 Bxd6 29. exd6 Qd7 30. Bg5 f6 31. Bh4 Nb8 32. Qg4 e5 33. Qf3
Nc6 34. Qd5+ Kh8 35. Qxc5 Nd4 36. Qxa5 Rxc4 37. Rxd4 exd4 38. Bg3 Re8 39. f3 h6
40. Qd2 Rec8 41. b3 Rc3 42. Qxd4 Rxb3 43. Re1 Re8 44. Rc1 Rc8 45. Bf4 Rxc1+ 46.
Bxc1 Rb1 47. Qd1 g5 48. h4 Rb6 49. hxg5 Rxd6 50. Qc2 hxg5 51. Qb2 Rd1+ 52. Kh2
Qh7+ 0-1

[Event "59. BEM 2005"]
[Site "Dortmund"]
[Date "2005.03.03"]
[Round "3"]
[White "Woestmann, Ulrich"]
[Black "Gorzinski, Dariusz"]
[Result "1-0"]
[WhiteElo "2017"]
[BlackElo "1885"]
[PlyCount "41"]
[EventDate "2005.??.??"]
[Source "SG Dortmund"]
[SourceDate "2004.12.16"]

1. e4 d6 2. d4 Nf6 3. Nc3 g6 4. f3 Bg7 5. Be3 O-O 6. Qd2 e5 7. d5 c5 8. dxc6
bxc6 9. O-O-O Ne8 10. h4 h5 11. g4 hxg4 12. h5 Be6 13. hxg6 fxg6 14. fxg4 Qa5
15. Nh3 Rf3 16. Ng5 Rxe3 17. Nxe6 Rxc3 18. Nxg7 Rxc2+ 19. Qxc2 Kxg7 20. Qh2
Qxa2 21. Qh8+ 1-0

[Event "59. BEM 2005"]
[Site "Dortmund"]
[Date "2005.03.03"]
[Round "3"]
[White "Eismont, Igor"]
[Black "Tkachuk, Konstantyn"]
[Result "1-0"]
[WhiteElo "2174"]
[BlackElo "1871"]
[PlyCount "78"]
[EventDate "2005.??.??"]
[Source "SG Dortmund"]
[SourceDate "2004.12.16"]

1. d4 Nf6 2. c4 g6 3. Nc3 Bg7 4. e4 d6 5. g3 O-O 6. Bg2 e5 7. Nge2 Nbd7 8. d5
Ne8 9. O-O f5 10. Be3 Nef6 11. exf5 gxf5 12. h3 Nh5 13. f4 Bh6 14. Qd2 exf4 15.
gxf4 Ndf6 16. Bf3 Qe8 17. Rf2 Rf7 18. Kh1 Rg7 19. Rg1 Rxg1+ 20. Kxg1 Bd7 21.
Rg2+ Kf8 22. c5 Qe7 23. c6 bxc6 24. dxc6 Be8 25. b4 a6 26. a4 Bf7 27. b5 axb5
28. axb5 Ra1+ 29. Kh2 Ng4+ 30. Bxg4 fxg4 31. Rxg4 Be6 32. f5 Bxe3 33. Qxe3 Bxf5
34. Rg8+ Kf7 35. Qxe7+ Kxe7 36. Nd4 Kf7 37. Rb8 Bxh3 38. Kxh3 Ra3 39. Nde2 d5
1-0

[Event "59. BEM 2005"]
[Site "Dortmund"]
[Date "2005.03.03"]
[Round "3"]
[White "Tkachuk, Sergiy"]
[Black "Volmer, Martin"]
[Result "1-0"]
[WhiteElo "2128"]
[BlackElo "1772"]
[PlyCount "107"]
[EventDate "2005.??.??"]
[Source "SG Dortmund"]
[SourceDate "2004.12.16"]

1. e4 e6 2. d4 d5 3. e5 c5 4. Qg4 cxd4 5. Nf3 Nc6 6. Bd3 Nge7 7. O-O Qb6 8. a3
Bd7 9. Re1 Rc8 10. b4 a6 11. Nbd2 Ng6 12. Nb3 Qc7 13. Qg3 Na7 14. Nbxd4 Nb5 15.
Bb2 Nxd4 16. Bxd4 Bb5 17. Bxb5+ axb5 18. c3 Ne7 19. Qf4 Nf5 20. g4 Nxd4 21.
cxd4 Be7 22. Rec1 Qd7 23. Rxc8+ Qxc8 24. Rc1 Qd7 25. Qe3 O-O 26. Qc3 f6 27. Qc7
Rd8 28. Qxd7 Rxd7 29. Kf1 Kf7 30. Ke2 Ke8 31. Ne1 fxe5 32. dxe5 Kd8 33. f4 Rc7
34. Rxc7 Kxc7 35. Nf3 h6 36. Nd4 Kd7 37. Nxb5 Bd8 38. Kd3 Bb6 39. Nd4 g6 40. a4
Bc7 41. h3 g5 42. f5 Bxe5 43. Nxe6 b6 44. a5 bxa5 45. bxa5 Bf6 46. Nf8+ Kc6 47.
Nh7 Bd8 48. f6 Bxa5 49. f7 Bb4 50. f8=Q Bxf8 51. Nxf8 Kd6 52. Kd4 Ke7 53. Ng6+
Ke6 54. Ne5 1-0

[Event "59. BEM 2005"]
[Site "Dortmund"]
[Date "2005.03.03"]
[Round "3"]
[White "Krause, Dieter"]
[Black "Hillebrand, Carsten"]
[Result "0-1"]
[WhiteElo "1835"]
[BlackElo "1941"]
[PlyCount "108"]
[EventDate "2005.??.??"]
[Source "SG Dortmund"]
[SourceDate "2004.12.16"]

1. d4 Nf6 2. Nf3 g6 3. Nc3 Bg7 4. e4 d6 5. Be2 c6 6. O-O O-O 7. a4 a5 8. Bf4
Qb6 9. Qd2 Re8 10. h3 Na6 11. Rfe1 Nd7 12. Bc4 e5 13. Bh6 Nb4 14. Bb3 Nf8 15.
Bxg7 Kxg7 16. dxe5 dxe5 17. Qd6 f6 18. Rad1 Be6 19. Nb5 Rac8 20. Nd2 Qd8 21.
Bxe6 Nxe6 22. Qxd8 Rexd8 23. Na3 Nc5 24. b3 b5 25. f3 bxa4 26. bxa4 Nxa4 27.
Ndc4 Kf8 28. Nxa5 Nc3 29. Rxd8+ Rxd8 30. N5c4 Ke7 31. Kf2 Rd4 32. Kg3 Nxc2 33.
Nxe5 fxe5 34. Nxc2 Rd2 35. Nb4 c5 36. Na6 Kd6 37. Kg4 Rxg2+ 38. Kh4 Ra2 39. Rc1
Rxa6 40. Rxc3 Kc6 41. Kg5 Ra7 42. Rd3 c4 43. Rd5 Re7 44. h4 Rc7 45. f4 c3 46.
Rd1 c2 47. Rc1 Kd6 48. f5 gxf5 49. exf5 Ke7 50. h5 Kf7 51. h6 Ke7 52. f6+ Kf7
53. Kf5 Rc5 54. Ke4 Kg6 0-1

[Event "59. BEM 2005"]
[Site "Dortmund"]
[Date "2005.03.03"]
[Round "3"]
[White "Riemann, Kai"]
[Black "Starp, Klaus"]
[Result "0-1"]
[WhiteElo "1593"]
[BlackElo "1912"]
[PlyCount "92"]
[EventDate "2005.??.??"]
[Source "SG Dortmund"]
[SourceDate "2004.12.16"]

1. Nf3 c5 2. g3 d5 3. d3 Nc6 4. Bg2 e5 5. a3 Nf6 6. O-O Be7 7. Nbd2 O-O 8. c4
d4 9. b3 h6 10. Qc2 Bf5 11. Bb2 Qd7 12. Rad1 Rad8 13. Ne4 Nxe4 14. dxe4 Bh7 15.
Qd3 f5 16. Nd2 f4 17. Nf3 a5 18. Rfe1 Qe6 19. h4 g5 20. hxg5 hxg5 21. Nh2 Kg7
22. gxf4 gxf4 23. Qf3 Rg8 24. Qh5 Bg6 25. Qg4 Qxg4 26. Nxg4 Bh5 27. Bh3 Kf7 28.
f3 Rg6 29. Kg2 Rh8 30. Rh1 Nd8 31. Rhg1 Ne6 32. Kf1 Bd6 33. Kf2 Ng5 34. Rh1
Nxe4+ 35. fxe4 Bxg4 36. Bg2 Rhg8 37. Rh7+ R6g7 38. Rdh1 Bxe2 39. Rxg7+ Rxg7 40.
Rh6 Ke7 41. Bh3 Bg4 42. Bxg4 Rxg4 43. Rh7+ Ke6 44. Rxb7 Rg3 45. Rb5 Rd3 46. Bc1
Rd1 0-1

[Event "59. BEM 2005"]
[Site "Dortmund"]
[Date "2005.03.03"]
[Round "3"]
[White "Szyszka, Arkadiusz"]
[Black "Kartsev, Alexandr"]
[Result "1-0"]
[WhiteElo "1865"]
[BlackElo "1494"]
[PlyCount "49"]
[EventDate "2005.??.??"]
[Source "SG Dortmund"]
[SourceDate "2004.12.16"]

1. d4 f5 2. Nf3 Nf6 3. c4 g6 4. Nc3 Bg7 5. Bg5 O-O 6. e3 d6 7. Bd3 a5 8. O-O c6
9. e4 fxe4 10. Nxe4 Be6 11. Ng3 d5 12. c5 Nbd7 13. Qe2 Bf7 14. Rae1 e6 15. Ne5
Qe7 16. h4 h6 17. Bxf6 Bxf6 18. Nxf7 Kxf7 19. Qg4 Rg8 20. h5 g5 21. Nf5 Qf8 22.
Nd6+ Kg7 23. Rxe6 Nb8 24. Qf5 Qd8 25. Qg6+ 1-0

[Event "59. BEM 2005"]
[Site "Dortmund"]
[Date "2005.03.03"]
[Round "3"]
[White "Ewers, Christian"]
[Black "Raabe, Heinz"]
[Result "0-1"]
[WhiteElo "1671"]
[BlackElo "1858"]
[PlyCount "42"]
[EventDate "2005.??.??"]
[Source "SG Dortmund"]
[SourceDate "2004.12.16"]

1. e4 c5 2. Nc3 Nc6 3. g3 d6 4. Bg2 Nf6 5. h3 g6 6. d3 Bg7 7. Nf3 O-O 8. O-O
Bd7 9. Kh2 h6 10. Nh4 e5 11. Ne2 Nd4 12. c3 Nxe2 13. Qxe2 Kh7 14. Qe1 Nh5 15.
Bf3 Nf4 16. gxf4 Qxh4 17. f5 gxf5 18. Bg2 f4 19. f3 Qh5 20. Bd2 Bf6 21. Qe2 Rg8
0-1

[Event "59. BEM 2005"]
[Site "Dortmund"]
[Date "2005.03.03"]
[Round "3"]
[White "Litwak, Aleksej"]
[Black "Gennat, Egon L"]
[Result "1-0"]
[WhiteElo "2092"]
[BlackElo "1287"]
[PlyCount "63"]
[EventDate "2005.??.??"]
[Source "SG Dortmund"]
[SourceDate "2004.12.16"]

1. e4 c5 2. Nf3 d6 3. Bb5+ Bd7 4. Bxd7+ Qxd7 5. O-O e6 6. c3 Be7 7. d4 cxd4 8.
cxd4 Nf6 9. Nc3 O-O 10. Bg5 h6 11. Bh4 Nc6 12. Rc1 Rac8 13. d5 Ne5 14. Bg3 Nfg4
15. Nd4 exd5 16. Nxd5 Rxc1 17. Qxc1 Bd8 18. f4 Nc6 19. Nf5 Re8 20. Qd1 Nf6 21.
Nxf6+ Bxf6 22. Qxd6 Qxd6 23. Nxd6 Bd4+ 24. Bf2 Re7 25. b3 b6 26. Rc1 Bxf2+ 27.
Kxf2 Nd4 28. Ke3 Rd7 29. Rc8+ Kh7 30. Nxf7 Nxb3 31. Rh8+ Kg6 32. Ne5+ 1-0

[Event "59. BEM 2005"]
[Site "Dortmund"]
[Date "2005.03.03"]
[Round "3"]
[White "Benke, Werner"]
[Black "Naundorf, Maik"]
[Result "0-1"]
[WhiteElo "1648"]
[BlackElo "2075"]
[PlyCount "89"]
[EventDate "2005.??.??"]
[Source "SG Dortmund"]
[SourceDate "2004.12.16"]

1. Nf3 c5 2. c4 g6 3. Nc3 Bg7 4. d3 Nc6 5. g3 d6 6. Bg2 Qd7 7. O-O b6 8. Bd2
Bb7 9. b3 e6 10. Rc1 Nge7 11. a3 O-O 12. e3 d5 13. Ne2 Bb2 14. Rb1 Bxa3 15. Bc3
Bb4 16. Ba1 Rad8 17. Qc2 f6 18. Rbd1 e5 19. d4 cxd4 20. cxd5 Nxd5 21. exd4 e4
22. Nd2 f5 23. Nc4 Rc8 24. Qb2 Rfd8 25. Ne5 Qg7 26. Rc1 Rc7 27. Rc4 Rdc8 28.
Rfc1 Na5 29. Rxc7 Rxc7 30. Rxc7 Qxc7 31. h3 Ba6 32. Bf1 Kg7 33. Nf4 Nxf4 34.
gxf4 Bxf1 35. Kxf1 Qb7 36. Nc6 Qxc6 37. d5+ Qc3 38. Qxc3+ Bxc3 39. Bxc3+ Kf7
40. Ke2 Nxb3 41. Kd1 Nc5 42. Ke2 Nd3 43. Be5 g5 44. Bb8 Nxf4+ 45. Bxf4 0-1